000 00643nam a22002057a 4500
005 20221212093049.0
008 221212b ||||| |||| 00| 0 eng d
040 _cAL
041 _aEnglish
082 _223
_a322.4
_bALLS
100 _aAll India Congress Committee
_965421
245 _aSatyagraha:In Gandhijis Own Words1910-35
260 _aAllahabad
_bAll India Congress Committee
_c1935
300 _aiv,99 p.
_bPB
_c21.5x13.5 cm.
440 _aCongress Golden Jubilee Brochure No.1
_965422
650 _aNonviolence
_965423
650 _aPassive resistance
_965424
700 _aALL INDIA CONGRESS COMMITTEE
_965425
942 _2ddc
_cGF
999 _c225578
_d225578